Exempting Food and Agriculture Products from U.S. Economic Sanctions : Status and Implementation.

Discusses status and implementation of recent changes in U.S. policy to allow agricultural sales to sanctioned countries under the Trade Sanctions Reform and Export Enhancement Act of 2000 (TSRA). Reviews debate on agricultural and food exports in economic sanctions policy, and examines provisions e...

Full description

Bibliographic Details
Corporate Authors: Library of Congress. Congressional Research Service, ProQuest (Firm)
Format: eBook
Language:English
Published: [Place of publication not identified] : [publisher not identified], 2002.
Series:U.S. Congressional Research.
Subjects:
Online Access:Connect to the full text of this electronic book

MARC

Tag First Indicator Second Indicator Subfields
LEADER 00000cam a22000001a 4500
001 in00003367607
006 m d f
007 cr bn mmmapmmp
008 100727s2002 dcu o f000 0 eng d
005 20260430201518.2
035 |a cis2007900061 
040 |a ProQuest  |c ProQuest  |d UtOrBLW 
043 |a n-us--- 
099 |a CRS-2002-RSI-0338 
110 2 |a Library of Congress.  |b Congressional Research Service. 
245 1 0 |a Exempting Food and Agriculture Products from U.S. Economic Sanctions :  |b Status and Implementation. 
264 1 |a [Place of publication not identified] :  |b [publisher not identified],  |c 2002. 
300 |a 1 online resource. 
336 |a text  |b txt  |2 rdacontent 
337 |a computer  |b c  |2 rdamedia 
338 |a online resource  |b cr  |2 rdacarrier 
500 |a Record is based on bibliographic data in ProQuest U.S. Congressional Research Digital Collection (last viewed July 2010). Reuse except for individual research requires license from ProQuest, LLC. 
500 |a CRS Report. 
520 |a Discusses status and implementation of recent changes in U.S. policy to allow agricultural sales to sanctioned countries under the Trade Sanctions Reform and Export Enhancement Act of 2000 (TSRA). Reviews debate on agricultural and food exports in economic sanctions policy, and examines provisions enacted to exempt food and medical products from U.S. economic sanctions. Assesses U.S. role in Cuba's market under TSRA policy, and outlines recent legislative activity. 
500 |a Electronic resource. 
650 0 |a Sanctions (International law) 
650 0 |a Medical supplies. 
651 0 |a Cuba. 
655 7 |a Electronic books.  |2 local 
710 2 |a ProQuest (Firm) 
776 0 8 |i Microfiche version:   |a Library of Congress. Congressional Research Service.  |t Exempting Food and Agriculture Products from U.S. Economic Sanctions 
830 0 |a U.S. Congressional Research. 
856 4 0 |u http://proxy.library.tamu.edu/login?url=https://congressional.proquest.com/congcomp/getdoc?CRDC-ID=CRS-2002-RSI-0338  |z Connect to the full text of this electronic book  |t 0 
999 |a MARS 
999 f f |s ed90c800-bed4-32db-b09b-f7527e79d2a4  |i a5322d34-fd0c-3fbd-955b-4ad1b46674be  |t 0 
952 f f |a Texas A&M University  |b College Station  |c Electronic Resources  |s www_evans  |d Available Online  |t 0  |e CRS-2002-RSI-0338  |h Other scheme 
998 f f |a CRS-2002-RSI-0338  |t 0  |l Available Online